|
|
|
|
| LEADER |
01731nam a22003137a 4500 |
| 001 |
34895 |
| 003 |
BD-DhAAL |
| 005 |
20230206153312.0 |
| 008 |
190724r20161991bg ||||| |||| 00| d ben d |
| 020 |
|
|
|a 9789845980920
|
| 040 |
|
|
|a BD-DhAAL
|d BD-DhAAL
|
| 041 |
|
|
|a ben
|
| 082 |
|
|
|a 891.442
|
| 100 |
|
|
|a হক, সৈয়দ শামসুল
|9 33103
|
| 245 |
|
|
|a পায়ের আওয়াজ পাওয়া যায় /
|c সৈয়দ শামসুল হক
|
| 246 |
|
|
|a Payer awayaz pawoya jai
|
| 260 |
|
|
|a ঢাকা :
|b চারুলিপি প্রকাশন,
|c ১৯৯১ [তৃতীয় মুদ্রণ ২০১৬]
|
| 300 |
|
|
|a ৬৩ পৃষ্ঠা :
|c ১৯ সে. মি.
|
| 526 |
|
|
|a Residential Campus
GenEd (Residential Campus)
|
| 541 |
|
|
|a Development Book Agency
|e 34895, 35011, 40821
|
| 600 |
|
|
|a হক, সৈয়দ শামসুল
|d ১৯৩৫-২০১৬
|9 33309
|
| 650 |
|
|
|a Bengali drama.
|9 33104
|
| 650 |
|
|
|a Bengali literature.
|
| 852 |
|
|
|a Savar Campus Library
|c General Stacks
|
| 942 |
|
|
|2 ddc
|c BK
|
| 999 |
|
|
|c 40964
|d 40964
|
| 952 |
|
|
|0 0
|1 0
|2 ddc
|4 0
|6 891_442000000000000_HAQ
|7 0
|9 65742
|a BRACUL
|b BRACUL
|c GEN
|d 2019-07-17
|e Development Book Agency
|g 115.00
|l 8
|m 32
|o 891.442 HAQ
|p 3010035011
|r 2026-05-03
|s 2026-04-26
|t 2
|v 115.00
|w 2019-07-17
|y BK
|
| 952 |
|
|
|0 0
|1 0
|2 ddc
|4 0
|6 891_442000000000000_HAQ
|7 0
|9 65862
|a SCL
|b SCL
|c GEN
|d 2019-07-24
|e Development Book Agency
|g 115.00
|l 3
|m 6
|o 891.442 HAQ
|p 3020034895
|r 2025-06-26
|s 2025-06-24
|t 1
|v 115.00
|w 2019-07-24
|y BK
|
| 952 |
|
|
|0 0
|1 0
|2 ddc
|4 0
|6 891_442000000000000_HAQ
|7 0
|9 72985
|a SCL
|b SCL
|c GEN
|d 2023-01-15
|e Development Book Agency
|g 115.00
|l 3
|m 16
|o 891.442 HAQ
|p 3020040821
|r 2025-09-07
|s 2025-06-24
|t 3
|v 115.00
|w 2023-01-15
|y BK
|